<?xml version="1.0" encoding="UTF-8"?>
<record
    xmlns:xsi="http://www.w3.org/2001/XMLSchema-instance"
    xsi:schemaLocation="http://www.loc.gov/MARC21/slim http://www.loc.gov/standards/marcxml/schema/MARC21slim.xsd"
    xmlns="http://www.loc.gov/MARC21/slim">

  <leader>02237nam a2200241Ia 4500</leader>
  <controlfield tag="003">OSt</controlfield>
  <controlfield tag="005">20210916094202.0</controlfield>
  <controlfield tag="008">130821s1989    mx     gr           spa  </controlfield>
  <datafield tag="020" ind1=" " ind2=" ">
    <subfield code="a">9682432618</subfield>
  </datafield>
  <datafield tag="040" ind1=" " ind2=" ">
    <subfield code="a">Co-BoUCM</subfield>
    <subfield code="b">spa</subfield>
    <subfield code="c">CO-JMCR</subfield>
  </datafield>
  <datafield tag="041" ind1="0" ind2=" ">
    <subfield code="a">spa</subfield>
  </datafield>
  <datafield tag="082" ind1="0" ind2="4">
    <subfield code="a">338.9 /</subfield>
    <subfield code="b">H241r</subfield>
    <subfield code="2">23</subfield>
  </datafield>
  <datafield tag="100" ind1="1" ind2=" ">
    <subfield code="a">Hanke, Steve H.</subfield>
    <subfield code="e">autor</subfield>
    <subfield code="9">40524</subfield>
  </datafield>
  <datafield tag="245" ind1="1" ind2="0">
    <subfield code="a">Privatizaci&#xF3;n y desarrollo / </subfield>
    <subfield code="c">Steve H. Hanke</subfield>
  </datafield>
  <datafield tag="260" ind1=" " ind2=" ">
    <subfield code="a">M&#xE9;xico : </subfield>
    <subfield code="b">Trillas: Centro Internacional de Desarrollo Econ&#xF3;mico, </subfield>
    <subfield code="c">1989 (reimpr1991)</subfield>
  </datafield>
  <datafield tag="300" ind1=" " ind2=" ">
    <subfield code="a">239 p&#xE1;ginas ; </subfield>
    <subfield code="c">24 cm.</subfield>
  </datafield>
  <datafield tag="504" ind1=" " ind2=" ">
    <subfield code="a">Incluye &#xED;ndices y lecturas recomendadas</subfield>
  </datafield>
  <datafield tag="505" ind1="0" ind2=" ">
    <subfield code="a">La privatizaci&#xF3;n en el mundo en desarrollo. -- Los fundamentos de la privatizaci&#xF3;n. -- Planificaci&#xF3;n para la privatizaci&#xF3;n. -- Privatizaci&#xF3;n para impulsar el desarrollo. -- Ejemplos de privatizaci&#xF3;n.</subfield>
  </datafield>
  <datafield tag="520" ind1="0" ind2=" ">
    <subfield code="a">En los &#xFA;ltimos a&#xF1;os, el fen&#xF3;meno de la privatizaci&#xF3;n se ha convertido en "&#xE1;rea de crecimiento" para muchos pa&#xED;ses en v&#xED;as de desarrollo, que ven en la subcontrataci&#xF3;n o venta de funciones u organismos estatales a grupos privados, una opci&#xF3;n para atenuar, por una parte, sus crisis presupuestales y, por otra, una estrategia de desarrollo basada en la idea de que la disciplina competitiva en los mercados privados aumenta la eficiencia y la producci&#xF3;n a bajos costos, sin descuidar la calidad. Aunque este movimiento se contrapone a la opini&#xF3;n de algunos sectores econ&#xF3;micos de naciones desarrolladas -Gran Breta&#xF1;a, entre &#xE9;stas- que juzgan a la privatizaci&#xF3;n como un retroceso hacia la concentraci&#xF3;n de poder y riqueza en pocas manos, sus resultados demuestran, con el paso del tiempo, que estimula el denominado "capitalismo popular", y que por alguna raz&#xF3;n ha despertado el inter&#xE9;s de los pa&#xED;ses socialistas y del bloque oriental. Steve H. Hanke considera aqu&#xED; una amplia gama de temas relacionados con la privatizaci&#xF3;n y explora sus aplicaciones pr&#xE1;cticas en pa&#xED;ses espec&#xED;ficos. La obra se propone ser un manual de "c&#xF3;mo hacerlo" en cuanto a la t&#xE9;cnica de la privatizaci&#xF3;n, y est&#xE1; dirigida a economistas, administradores de empresas, funcionarios p&#xFA;blicos y pol&#xED;ticos.</subfield>
  </datafield>
  <datafield tag="650" ind1="1" ind2="4">
    <subfield code="a">Desarrollo econ&#xF3;mico</subfield>
    <subfield code="9">12956</subfield>
  </datafield>
  <datafield tag="650" ind1="2" ind2="4">
    <subfield code="a">Pol&#xED;tica industrial</subfield>
    <subfield code="9">21989</subfield>
  </datafield>
  <datafield tag="942" ind1=" " ind2=" ">
    <subfield code="c">BK</subfield>
    <subfield code="2">ddc</subfield>
  </datafield>
  <datafield tag="999" ind1=" " ind2=" ">
    <subfield code="c">12481</subfield>
    <subfield code="d">12481</subfield>
  </datafield>
  <datafield tag="952" ind1=" " ind2=" ">
    <subfield code="0">0</subfield>
    <subfield code="1">0</subfield>
    <subfield code="2">ddc</subfield>
    <subfield code="4">0</subfield>
    <subfield code="7">0</subfield>
    <subfield code="a">CPL</subfield>
    <subfield code="b">CPL</subfield>
    <subfield code="c">GEN</subfield>
    <subfield code="d">2018-04-15</subfield>
    <subfield code="e">Donaci&#xF3;n</subfield>
    <subfield code="o">338.9 / H241r</subfield>
    <subfield code="p">430005469</subfield>
    <subfield code="r">2024-05-16 00:00:00</subfield>
    <subfield code="t">Ej.1</subfield>
    <subfield code="w">2021-03-10</subfield>
    <subfield code="y">BK</subfield>
  </datafield>
</record>
